000 01040nam a22002295i 4500
001 155580
003 ES-MaACL
005 20230906210130.0
008 040723q18801910fr |||| | fre d
040 _aCAM
_bspa
_cCAM
100 1 _aHoracio Flaco, Quinto.
_964182
245 1 0 _aEpitres /
_cHorace; [cet ouvrage a été expliqué littéralement, traduit en français, annoté par E. Taillefert].
260 _aParis :
_bLibrairie Hachette,
_c[s.a.] (
_fImp. d'Editions)
300 _a259 p. ;
_c19 cm.
490 1 _aLes auteurs latins expliqués par deux traduction françaises ... /par une societé de professeurs et de latinistes
594 _aMención de resp. tomada del verso de la cub.
596 _aProbablemente impreso a finales del siglo XIX o comienzos del XX.
700 1 1 _aTaillefert, E.,
_etrad.
_9133104
830 0 _aLes auteurs latins expliqués par deux traduction françaises ... /par une societé de professeurs et de latinistes
_9221576
852 _aES-MaACL
_jB-12543
_z-- Sin enc.
999 _c155580
_d155580